Increasing Border Challenge II Quiz Stats

 Plays Quiz Updated Mar 9, 2018

Challenge
Share
Tweet
Embed
Score 0/12 Timer 04:00
23 Plays Today
% Correct
Madagascar
94.9%
Lesotho
83.5%
Finland
74.3%
Panama
73.1%
China
56.9%
Peru
55.6%
Brazil
41.6%
Austria
32%
Saudi Arabia
30.9%
Democratic Republic of the Congo
29.9%
Kyrgyzstan
25.9%
Central African Republic
22.2%

You're not logged in!

Compare scores with friends on all Sporcle quizzes.
Join for Free
OR
Log In

You Might Also Like...

Show Comments

Extras

Top Quizzes Today


Score Distribution

Your Account Isn't Verified!

In order to create a playlist on Sporcle, you need to verify the email address you used during registration. Go to your Sporcle Settings to finish the process.

Report this User

Report this user for behavior that violates our Community Guidelines.

Details: